| 000 | 00630cam a2200145 4500500 | ||
|---|---|---|---|
| 005 | 20260208010541.0 | ||
| 041 | _afre | ||
| 042 | _adc | ||
| 100 | 1 | 0 |
_aBarthas, Jérémie _eauthor |
| 245 | 0 | 0 | _aYves Charles Zarka, Thierry Ménissier (éd.), Machiavel. Le Prince ou le nouvel art politique, Paris, PUF, 2001, coll. « Débats philosophiques », 243 p., 13 E. |
| 260 | _c2005. | ||
| 500 | _a47 | ||
| 786 | 0 | _nRevue philosophique de la France et de l'étranger | 130 | 1 | 2005-03-01 | p. 77zza-130zza | 0035-3833 | |
| 856 | 4 | 1 | _uhttps://shs.cairn.info/revue-philosophique-2005-1-page-77zza?lang=fr&redirect-ssocas=7080 |
| 999 |
_c1657092 _d1657091 |
||